[Event "Junior-SM"]
[Site "Lund"]
[Date "2010.07.11"]
[Round "9"]
[White "Thörn, Eric"]
[Black "Westerberg, Jonathan"]
[Result "0-1"]
[WhiteElo "2165"]
[BlackElo "2165"]
[PlyCount "74"]
[EventDate "2010.??.??"]
[EventRounds "9"]
[EventCountry "SWE"]
[Source "Anders Hansen"]
[SourceDate "2010.07.03"]

1. Nf3 Nf6 2. c4 e6 3. g3 b6 4. Bg2 Bb7 5. O-O c5 6. b3 Be7 7. Bb2 O-O 8. d4
cxd4 9. Qxd4 Nc6 10. Qf4 d5 11. Rd1 Qb8 12. Qc1 Rd8 13. Nbd2 d4 14. Nf1 e5 15.
e3 dxe3 16. Nxe3 Nd7 17. Nd5 f6 18. Nh4 Bf8 19. Bh3 Bc8 20. Be6+ Kh8 21. Qc2
Nc5 22. Bf7 Be6 23. Bh5 Qc8 24. Qe2 Rb8 25. Rac1 Rb7 26. Bf3 Rf7 27. b4 Na4 28.
Ba3 Nd4 29. Rxd4 exd4 30. Qd1 Qd7 31. Qxd4 b5 32. Ng2 bxc4 33. Nge3 Nb6 34. Rd1
Bxd5 35. Nxd5 Nxd5 36. Bxd5 Qa4 37. Bb2 Rfd7 0-1